000 00495nam a2200157Ia 4500
008 150610s9999 xx 000 0 und d
020 _a0 448089289
050 _aPS3507
_b.I9274 S638 1976
100 _aDixon, Franklin W.
245 4 _aThe sign of the crooked arrow /
_cby Franklin W. Dixon.
260 _aNew York : 
_bGrosset & Dunlap,
_c1976.
300 _a178pages ;
_c20 cm.
440 _aHardy boy mystery stories ; 28
520 _aFiction.
650 _xDetective and mystery stories.
999 _c288166
_d288166